| 000 | 00539nam a2200217Ia 4500 | ||
|---|---|---|---|
| 005 | 20250425162651.0 | ||
| 008 | 250425s9999 xx 000 0 und d | ||
| 020 | _a0471911143 | ||
| 041 | _aeng | ||
| 082 | _a576 | ||
| 100 | _aSINGLETON, KEN | ||
| 245 | 0 | _aDICTIONARY OF MICROBIOLOGY AND MOLECULAR BIOLOGY | |
| 250 | _aSECOND EDITION | ||
| 260 |
_aEstados Unidos _bJOHN WILEY & SONS _c1987 |
||
| 260 | _aNEW YORK | ||
| 300 | _a1019 | ||
| 650 | _aDICCIONARIOS | ||
| 700 | _aSAINSBURY, DIANA | ||
| 942 | _c01 | ||
| 010 | _a95343 | ||
| 999 |
_c233980 _d233980 |
||